000 00502nam a22001817a 4500
005 20251108165007.0
008 250721s9999 xx 000 0 ara d
082 1 4 _a530/محم
100 1 _aالمفتي، محمد عثمان حسن
245 1 0 _aخواص المادة /
264 1 _aجدة :
_bدار الشروق،
_c[19-].
300 _a182ص
650 1 7 _aالفيزياء
650 1 7 _aالميكانيكا
700 1 _aكماخي، خالد علي
942 _2ddc
_cBK
999 _c19372
_d19372